| 000 | 01253nas a2200277Ia 4500 | ||
|---|---|---|---|
| 001 | R300-R7370 | ||
| 003 | IT-CnALBA | ||
| 008 | 170116c99999999xx |||||||||||| ||und|| | ||
| 040 |
_aIT-CnALBA _cIT-CnALBA |
||
| 041 | _aITALIANO | ||
| 100 | _aPERICO GIACOMO, SJ. | ||
| 210 | _aAGGIORNAMENTI SOCIALI | ||
| 222 | _aAGGIORNAMENTI SOCIALI | ||
| 245 | 0 | _aAGGIORNAMENTI SOCIALI. APRILE 1991. | |
| 250 | _a1a ed. | ||
| 260 |
_aMILANO _bSTUDI SOCIALI CENTRO _c1981 [1° Ed.:1981 - Ed.Ling.Originale: 1981] |
||
| 300 | _a80 p. | ||
| 310 | _aMENSILE | ||
| 362 | _aFascicolo: 4 / Anno: 32 (1981) | ||
| 500 | _aDOSSIER REFERENDUM SULL'ABORTO. DESTABILIZZAZIONE IN ITALIA. LIBERTÀ RELIGIOSA IN POLONIA. SCUOLA CATTOLICA OGGI. UNIVERSITÀ DI NAPOLI. MACCHIA. BRUNETTA G. CASTELLI M. BARBERINI G. GUERELLO F. FIORE P. FABRICATORE C. | ||
| 501 | _aSocietà San Paolo EM - Piazza San Paolo, 14 - 12051 ALBA (CN) (non commercial uses only) ® Copyright 2017 | ||
| 520 | _aDOSSIER REFERENDUM SULL'ABORTO. DESTABILIZZAZIONE IN ITALIA. LIBERTÀ RELIGIOSA IN POLONIA. SCUOLA CATTOLICA OGGI. UNIVERSITÀ DI NAPOLI. MACCHIA. BRUNETTA G. CASTELLI M. BARBERINI G. GUERELLO F. FIORE P. FABRICATORE C. | ||
| 650 | _aSOCIOLOGIA | ||
| 942 | _cCR | ||
| 957 | _71 | ||
| 999 |
_a58937 _bNO _g1 _c325964 _d325964 |
||